000 00858nam a2200229Ia 4500
001 L301-56685
003 IT-CnALBA
008 170116s9999||||xx |||||||||||||| ||und||
040 _aIT-CnALBA
_cIT-CnALBA
041 _aITALIANO
100 _aGORDON JUNG
245 0 _aTRA ME E LUI.
250 _a1a ed.
260 _a RAVENNA
_bCALDERINI TIPOGRAFIA
_c1996 [1° Ed.:1996 - Ed.Ling.Originale: 1996]
300 _a180 p.
500 _aI NODI DA SCIOGLIERE PER STARE BENE INSIEME. TROVARE L'UOMO GIUSTO. PENSIERI RAZIONALI E IRRAZIONALI.
501 _aSocietà San Paolo EM - Piazza San Paolo, 14 - 12051 ALBA (CN) (non commercial uses only) ® Copyright 2017
520 _aI NODI DA SCIOGLIERE PER STARE BENE INSIEME. TROVARE L'UOMO GIUSTO. PENSIERI RAZIONALI E IRRAZIONALI.
650 _aSCIENZE SOCIALI
942 _cBK
957 _71
999 _a74185
_bNO
_g Copie: 1
_c315520
_d315520